Most Densely Populated Large US Cities - Statistics

General Stats
  • This quiz has been taken 251 times
  • The average score is 8 of 10
Answer Stats
density per sq mi density km^-2 city % Correct
27,012 10,430 New York
100%
11,842 4,572 Chicago
95%
12,793 4,939 Boston
91%
17,179 6,633 San Francisco
91%
8,092 3,124 Los Angeles
87%
9,856 3,806 Washington
83%
7,251 2,800 Seattle
80%
11,379 4,394 Philadelphia
79%
7,672 2,962 Baltimore
71%
6.188 2,389 Milwaukee
26%
No matching quizzes found
Score Distribution
Percent of People with Each Score
Percentile by Number Answered
Your Score History
You have not taken this quiz